| 000 | 02024nam a2200481 i 4500 | ||
|---|---|---|---|
| 001 | 10966 | ||
| 003 | KOSZ 005 | ||
| 005 | 20200622105208.0 | ||
| 008 | 200401s1968 pl a f 001 0 pol | ||
| 015 | _aPB 1968/10103 | ||
| 040 |
_aWA N _cWA N _dKOSZ 005/RW |
||
| 041 | 1 |
_apol _hrus |
|
| 046 | _k1966 | ||
| 080 | _a546 | ||
| 080 | _a543.4 | ||
| 100 | 1 |
_aBoževol'nov, Evgenij Aleksandrovič _d(1916-1975) _eAutor |
|
| 245 | 1 | 0 |
_aAnaliza fluorymetryczna substancji nieorganicznych / _cE. A. Bożewolnow ; tłumaczenie z rosyjskiego Krzysztof Kasiura, Teresa Stańczuk-Różycka, Cezary Różycki. |
| 246 | 1 |
_iTytuł oryginału: _aLûminescentnyj analiz neorganičeskih veŝestv. |
|
| 260 |
_aWarszawa : _bWydawnictwa Naukowo-Techniczne, _c1968. |
||
| 300 |
_a551, [1] stron : _bilustracje ; _c22 cm. |
||
| 336 |
_aTekst _btxt _2rdacontent |
||
| 337 |
_aBez urządzenia pośredniczącego _bn _2rdamedia |
||
| 338 |
_aWolumin _bnc _2rdacarrier |
||
| 380 | _aKsiążki | ||
| 380 | _aPublikacje naukowe | ||
| 380 | _aPublikacje dydaktyczne | ||
| 388 | _a1901-2000 | ||
| 388 | _a1945-1989 | ||
| 504 | _aBibliografia przy rozdziałach. Indeks. | ||
| 521 | 8 | _aKsiążka jest przeznaczona dla chemików analityków zatrudnionych w laboratoriach instytutów naukowo-badawczych i przyzakładowych. Może być również wykorzystana przez studentów wydziałów chemicznych uniwersytetów i politechnik. | |
| 650 | 7 | _aChemia analityczna | |
| 650 | 7 | _aChemia nieorganiczna | |
| 650 | 7 | _aLuminescencja | |
| 650 | 7 | _aZastosowanie i wykorzystanie | |
| 655 | 7 | _aMonografia | |
| 658 | _aChemia | ||
| 700 | 1 |
_aKasiura, Krzysztof _eTłumaczenie |
|
| 700 | 1 |
_aStańczuk-Różycka, Teresa _eTłumaczenie |
|
| 700 | 1 |
_aRóżycki, Cezary _d(1929- ) _eTłumaczenie |
|
| 710 | 2 |
_aWydawnictwa Naukowo-Techniczne _4pbl |
|
| 856 |
_uhttp://koha.tu.koszalin.pl/cgi-bin/koha/opac-detail.pl?biblionumber=10966 _yKatalog online BPK |
||
| 942 |
_2UKD _cKS |
||
| 999 |
_c10966 _d10966 |
||